000 00476nam a2200157Ia 4500
005 20250424120226.0
008 250424s9999 xx 000 0 und d
022 _a03317919
050 _aHG 3431. A7 B84/
245 0 _aBullion: publication of the central bank of nigeria
260 _bCentral Bank of Nigeria
260 _c2011
300 _a111 p. : ill. ; 30 cm.
650 _aCentral Bank of Nigeria--Periodicals. Monetary policy--Nigeria--Periodicals.
942 _cSR
999 _c38106
_d38106